Multiple Choice City Quiz – Samarkand - Statistics

General Stats
  • This quiz has been taken 15 times
  • The average score is 6 of 10
Answer Stats
Question Answer % Correct
Which famous leader founded his namesake dynasty and made Samarkand his capital? Timur
100%
Who destroyed and pillaged the city in 1220? Genghis Khan
91%
What famous trade route passed through Samarkand? Silk Road
91%
From 1924 to 1991, what country was it a part of? USSR
91%
Which of these photos is of Samarkand?
82%
Approximately how old is Samarkand? 2700 years old
73%
What was the former name of Samarkand? Maracanda
36%
As measured in a straight line, through Google Maps, what is the nearest capital city to Samarkand? Dushanbe
27%
What animal is a symbol of Samarkand? Leopard
18%
What are the two most spoken languages in Samarkand? Tajik and Uzbek
18%
No matching quizzes found
Score Distribution
Percent of People with Each Score
Percentile by Number Answered
Your Score History
You have not taken this quiz